000 01633cam a22004694i 4500
003 PE-LiUPU
005 20250731173530.0
008 150616s r 000 0 d
020 _a0805410783
035 _a(Sirsi) i9780805410785
040 _aPE-LiUPU
_bspa
_cPE-LiUPU
_erda
049 _aPRUA
082 0 4 _a225.61
_bL33
_221
100 1 _aLea, Thomas D.,
_eautor.
245 1 4 _aThe New Testament Its Background and Message /
_cThomas D. Lea.
264 1 _aTennessee :
_bBroadman & Holman Publishers,
_c1996.
300 _a630 páginas ;
_c23 centímetros
336 _atext
_2rdacontent
337 _aunmediated
_2rdamedia
338 _avolume
_2rdacarrier
504 _aBibliografía al final de cada capáginas
505 0 _aThe background to the New Testament.- The life of Jesus and the Gospels.- The Growth of the early church in Acts.- The epistles of Paul.
526 _aSEG42
526 _aSEG41
526 _aSEG40
526 _aSEG39
526 _aP94
526 _aP87
526 _aP86
526 _aP85
526 _aP77
526 _aP76
526 _aP35
630 _aBiblia.
_pN.T.
_xIntroducciones.
910 _ajck
_bjvq
_cjck
942 _2ddc
_cBOOK
949 _a225.61 L33
_wDEWEY
_c1
_i42243
_lCCODEBUL1
_mBUL
_r0
_sY
_tBOOK
_u2015-6-16
_xTEOLOGIA
_zUNKNOWN
_0COMPRA
_o.STAFF. Colección General
994 _aC0
_bPEPRU
596 _a1
999 _a225.61 L33
_wDEWEY
_c60075
_i42243
_f2021-11-9
_g5
_lCCODEBUL1
_mBUL
_r0
_sY
_tBOOK
_u2015-6-16
_xTEOLOGIA
_zUNKNOWN
_0COMPRA
_o.STAFF. Colección General
_d60075
980 _81
_gALBERTO SANCHEZ Responsable de Automatización